| 000 | 00549nam a2200193Ia 4500 | ||
|---|---|---|---|
| 003 | GCL | ||
| 008 | 140319s9999 xx 000 0 eng d | ||
| 040 |
_aGCL / _cGCL |
||
| 082 | 0 | 4 |
_a892.7 _bV |
| 100 | 1 | _aACCADEMIA NATIONALE DEI LINCEI | |
| 245 | 1 | 0 |
_aCOLLOQUIO ITALO - IRANIANO : IL POETA MISTICO SANA'I / _cACCADEMIA NATIONALE DEI LINCEI |
| 260 |
_a[S.N] : _bACCADEMIA NAZIONALE DEI LINCEI ، _c1979 |
||
| 300 | _a37 P | ||
| 650 | 0 | 4 | _aTHEOLOGY |
| 650 | 0 | 4 | _aSUFISM |
| 650 | 0 | 4 | _aMYSTICISM |
| 650 | 0 | 4 | _aPERSIAN LITERATURE |
| 942 |
_2ddc _cBK |
||
| 999 |
_c12460 _d12460 |
||